2004 December 26 "tsunami": (Record no. 4373)

MARC details
000 -LEADER
fixed length control field 00654nam a2200181 4500
008 - FIXED-LENGTH DATA ELEMENTS--GENERAL INFORMATION
fixed length control field 231212b |||||||| |||| 00| 0 eng d
082 ## - DEWEY DECIMAL CLASSIFICATION NUMBER
Classification number 363.349
Item number MOH
942 ## - ADDED ENTRY ELEMENTS (KOHA)
Item Type Reports
100 ## - MAIN ENTRY--PERSONAL NAME
Personal Name Mohideen, M.I.M.
700 ## - ADDED ENTRY--PERSONAL NAME
Personal name Vazeer, M.D.M.
700 ## - ADDED ENTRY--PERSONAL NAME
Personal name Rupesinghe,Kumar
245 ## - TITLE STATEMENT
Title 2004 December 26 "tsunami":
Sub Title assessment of destructions to muslims in the Eastern province Sri Lanka : survey report
Number of Part Volume: 1
260 ## - PUBLICATION, DISTRIBUTION, ETC. (IMPRINT)
Place of Publication Colombo:
Name of Publisher Muslim reconstruction and resettlement organization,
Date of Copyright 2005
300 ## - PHYSICAL DESCRIPTION
Extent x.,391 p.
650 ## - SUBJECT ADDED ENTRY--TOPICAL TERM
Topical Term MUSLIMS-Disaster victims-Eastern province-Sri Lanka
650 ## - SUBJECT ADDED ENTRY--TOPICAL TERM
Topical Term Tsunami damage -Sri Lanka
650 ## - SUBJECT ADDED ENTRY--TOPICAL TERM
Topical Term Indian Ocean Tsunami
Holdings
Withdrawn status Lost status Source of classification or shelving scheme Damaged status Not for loan Permanent location Current location Date acquired Total Checkouts Full call number Barcode Date last seen Price effective from Koha item type
    Dewey Decimal Classification     Resource center, Muslim Women's Research And Action Forum Resource center, Muslim Women's Research And Action Forum 2023-12-12   363.349 MOH RAF4552 2023-12-12 2023-12-12 Reports

Copyright © 2023 Muslim Women's Research and Action Forum (MWRAF), No 27/3, Anderson Road, Kalubowila, Dehiwela. Funded by The Asia Fundation